Statistics for Oscar for Best Sound Editing

Click here to take the quiz!

General Stats

  • This quiz has been taken 89 times
    (60 since last reset)
  • The average score is 19 of 48

Answer Stats

YearBest Sound Editing% Correct
2010Inception
85%
1997Titanic
85%
1998Saving Private Ryan
77%
2017Dunkirk
69%
2013Gravity
69%
1995Braveheart
62%
2019Ford v Ferrari
62%
2015Mad Max: Fury Road
62%
1991Terminator 2: Judgement Day
62%
2009The Hurt Locker
62%
2002The Lord of the Rings: The Two Towers
62%
2005King Kong
54%
1999The Matrix
54%
1988Who Framed Roger Rabbit
54%
1986Aliens
46%
2016Arrival
46%
2011Hugo
46%
1993Jurassic Park
46%
2003Master and Commander:The Far Side of the World
46%
1981Raiders of the Lost Ark
46%
2012Skyfall
46%
2008The Dark Knight
46%
1985Back to the Future
38%
1977Close Encounters of the Third Kind
38%
1982E.T. the Extra-Terrestrial
38%
2001Pearl Harbor
38%
2018Bohemian Rhapsody
31%
1989Indiana Jones and the Last Crusade
31%
2007The Bourne Ultimatum
31%
2012Zero Dark Thirty
31%
2014American Sniper
23%
2006Letters from Iwo Jima
23%
1987RoboCop
23%
1994Speed
23%
1975The Hindenburg
23%
2004The Incredibles
23%
2000U-571
23%
1992Bram Stoker's Dracula
15%
1964Goldfinger
15%
1966Grand Prix
15%
1963It's a Mad, Mad, Mad, Mad World
15%
1967The Dirty Dozen
15%
1996The Ghost and the Darkness
15%
1983The Right Stuff
15%
1984The River
15%
1979The Black Stallion
8%
1965The Great Race
8%
1990The Hunt for Red October
8%

Score Distribution

Percentile by Number Answered

Percent of People with Each Score

Your Score History

You have not taken this quiz since the last reset